[Event "MPL National Senior Chess-ch 2022"]
[Site "Kanpur"]
[Date "2022.03.01"]
[Round "8.13"]
[White "Panda Sambit"]
[Black "Laxman, R.R."]
[Result "1/2-1/2"]
[WhiteElo "2059"]
[BlackElo "2429"]
[Annotator "TA"]
[PlyCount "143"]
[EventDate "2022.02.25"]
[EventCountry "IND"]
[SourceTitle "playchess.com"]
[Source "ChessBase"]
[SourceQuality "1"]

{[%evp 12,143,0,0,0,0,0,0,0,0,0,-23,-10,-8,8,8,10,0,7,0,0,0,15,0,108,108,127,120,179,181,412,394,402,406,407,390,391,385,410,413,405,404,426,411,635,614,598,525,522,546,563,587,643,524,1037,1037,1005,1018,824,1456,1492,1480,1351,1357,1144,1036,895,509,495,451,480,479,478,466,442,341,799,437,504,199,162,56,56,56,56,0,0,0,0,0,0,0,0,-86,-86,-86,-86,-86,-86,-86,-86,-86,-86,-86,-86,-86,-86,-86,-86,-86,-86,-86,-86,-86,-86,-86,-86,-86,-86,-86,-86,-86,-86,-86,-86,-86,-86,-86,-86,-86,-86,-86,-86,-86]} 1. d4 Nf6 2. c4 e6 3. Nf3 d5 4. Nc3 Bb4 5. Qa4+ Nc6 6. a3 Bxc3+ 7. bxc3 Ne4 {D38: Queen's Gambit Declined: Ragozin Defence (4 Nf3 Bb4).} 8. e3 Nxc3 9. Qc2 Ne4 {The position is equal.} 10. Bd3 f5 11. Rb1 O-O 12. O-O {[#]} b6 $146 ({Predecessor:} 12... Rb8 13. a4 Bd7 14. Ba3 Rf6 15. Rfc1 Rg6 16. Bf1 b6 17. cxd5 exd5 18. Bb5 Qe8 {1-0 (41) Belov,V (2598)-Kazakovskiy,V (2485) Moscow 2019}) 13. cxd5 Qxd5 14. Rd1 Nd6 {Prevents Rb5.} 15. Bf1 Bb7 16. Bb2 Rac8 17. Ne5 Nxe5 (17... Na5 $11) 18. dxe5 $16 Qe4 {[#]} 19. Qb3 Bd5 {[#]} 20. Rxd5 $1 $18 exd5 (20... Qxd5 {was called for.} 21. Qxd5 exd5) 21. Bd3 Qg4 22. exd6 c6 23. Rc1 {[%cal Oc1c6]} f4 24. h3 Qd7 25. exf4 Qxd6 26. Be5 (26. Qc3 Qh6 27. Re1 Rce8 $16) 26... Qe6 27. Qc2 c5 (27... g6 $142 28. Ba6 c5 29. Bxc8 Qxc8) 28. Bxh7+ {This bishop pair is nice.} Kh8 29. g4 Rcd8 30. Bf5 Qh6 31. h4 d4 32. h5 {Qe4 is the strong threat.} Qc6 33. h6 Qxh6 34. Kg2 Qc6+ 35. f3 Kg8 36. Qc4+ Rd5 37. Be4 Rfd8 38. Bxd5+ Qxd5 39. Qxd5+ Rxd5 {[%mdl 4096] Endgame KRB-KR} 40. Kf2 b5 41. a4 a6 {[%cal Ba7a6,Ba6b5,Bb5b4,Bb4b3][%mdl 32]} 42. axb5 axb5 43. Ra1 c4 $2 (43... g5 44. Ra8+ Kf7) 44. Rd1 c3 45. Ke2 $2 (45. Ke1) 45... c2 46. Ra1 (46. Rf1 $18 b4 47. Kd2) 46... b4 $14 47. Kd2 b3 48. Ra8+ ({Much weaker is} 48. Ra7 b2 49. Ra8+ (49. Kxc2 d3+ 50. Kxb2 d2 $11) (49. Rxg7+ $2 Kf8 $19) 49... Kh7 50. Kxc2 d3+ 51. Kxb2 d2 $11) ({Better is} 48. Re1 $14) 48... Kf7 $11 49. Rb8 Rc5 50. Kc1 Rc3 51. Bxd4 Rxf3 {( -> ...Rf1+)} 52. Rxb3 Rxb3 $17 {Black is better.} 53. Kxc2 $11 {KR-KB} Rg3 54. g5 g6 {And now ...Ke6 would win.} 55. Kd2 Ke6 56. Ke2 Kf5 57. Kf2 Kg4 {Threatens to win with ...Rf3+.} ({Reject} 57... Kxf4 $6 58. Be5+ Kxe5 59. Kxg3 $11) 58. Be5 Ra3 59. Bd6 Rc3 60. Be5 Rf3+ 61. Kg2 Rd3 {aiming for ...Rd2+.} 62. Kf2 Kf5 63. Ke2 Ke4 64. Kf2 Ra3 65. Bd6 Rf3+ 66. Kg2 Rd3 67. Be5 Rd2+ 68. Kg3 Rd1 69. Kf2 Rc1 70. Kg3 Rc2 71. Bd6 Rc3+ 72. Kg2 {White really could win this.  Weighted Error Value: White=0.37/Black=0.23 (precise)} 1/2-1/2

[Event "MPL National Senior Chess-ch 2022"]
[Site "Kanpur"]
[Date "2022.03.01"]
[Round "8.14"]
[White "Saravana, Krishnan P."]
[Black "Karthikeyan, Murali"]
[Result "0-1"]
[WhiteElo "2340"]
[BlackElo "2622"]
[Annotator "TA"]
[PlyCount "68"]
[EventDate "2022.02.25"]
[EventCountry "IND"]
[SourceTitle "playchess.com"]
[Source "ChessBase"]
[SourceQuality "1"]

{[%evp 10,68,16,0,16,0,13,-17,-15,-33,-35,-37,0,-27,-25,-29,-24,-64,-55,-85,-79,-120,-104,-108,-103,-105,-111,-106,-114,-116,-111,-106,-54,-47,-67,-196,-191,-214,-212,-193,-183,-199,-194,-520,-511,-568,-560,-784,-643,-617,-595,-872,-362,-2209,-2032,-29973,-29974,-29973,-29974,-6307,-1836]} 1. e4 c5 2. Nf3 Nc6 3. Bb5 e6 4. Bxc6 bxc6 5. d3 Ne7 6. Qe2 Qc7 {Recently 6...d6 got a lot of attention. B30: Sicilian: 2...Nc6 3 Bb5, lines without ...g6.} 7. e5 Ng6 8. h4 f6 {[%cal Rg6e5] The position is equal.} 9. exf6 gxf6 10. h5 Ne7 (10... Nf4 $5 {[%cal Rf4e2]} 11. Qe4 (11. Bxf4 Qxf4 12. Nbd2 d5 $15) 11... Nd5 $11) 11. b3 Rg8 12. g3 e5 {[#]} 13. Bb2 $146 ({Predecessor:} 13. Nc3 d5 14. Na4 Bg4 15. c3 Nf5 16. Bd2 Rb8 17. Be3 c4 18. bxc4 Qa5 {0-1 (18) Llorens,M (2353)-Felgaer,R (2591) Santiago de Chile 2008}) 13... d5 14. Nbd2 Bg4 15. Nf1 (15. Rh4 $142) 15... Nf5 {[%cal Of5d4]} 16. N1h2 Bxh5 {[%cal Of5d4]} 17. g4 Rxg4 {Black is more active.} ({Don't do} 17... Bxg4 18. Nxg4 Rxg4 19. Nxe5 $1 $16 {[%mdl 512]}) 18. Nxg4 Bxg4 19. O-O-O h5 20. Rdg1 {[%cal Og1g4]} O-O-O (20... Qd7 $17 {...0-0-0 is the strong threat.} 21. Rxg4 hxg4) 21. Rxg4 $1 $15 hxg4 22. Nh2 {This costs White the game.} (22. Nh4 $1 $15 Nd4 23. Qxg4+ Qd7 24. Qg6) 22... Qh7 $1 $19 {And now ...Bh6+ would win.} 23. Qxg4 {[#]} Bh6+ $1 {[%cal Bf8h6,Bh6f4,Bf4h2][%mdl 32]} 24. Kb1 Bf4 {Strongly threatening ...Rg8.} 25. Bc1 {[#]} Rg8 $1 (25... Bxh2 26. Rxh2 Qxh2 27. Qxf5+ Kb7 28. Qxf6 $17) 26. Qf3 (26. Nf3 {is tougher.} Qxh1 27. Qxg8+ Kd7 28. Ng1) 26... Nd4 ({Inferior is} 26... Bxh2 27. Rxh2 Qxh2 28. Qxf5+ Kb7 29. Qxf6 $17) 27. Qd1 Bxh2 28. f4 Qh3 29. fxe5 fxe5 {Hoping for ...Rg2.} 30. Qd2 Rh8 (30... Rg2 $142 31. Qd1 Nxc2) 31. Qa5 (31. Ba3) 31... Qg2 {[%csl LRc2,LRh1]} 32. Qxa7 Qxh1 33. Qa8+ Kc7 34. Qxh8 Ne2 {Weighted Error Value: White=0.84/Black=0.22 (precise)} 0-1

[Event "MPL National Senior Chess-ch 2022"]
[Site "Kanpur"]
[Date "2022.03.02"]
[Round "9.1"]
[White "Pranav Vijay"]
[Black "Erigaisi Arjun"]
[Result "0-1"]
[WhiteElo "2265"]
[BlackElo "2633"]
[Annotator "TA"]
[PlyCount "120"]
[EventDate "2022.02.25"]
[EventCountry "IND"]
[SourceTitle "playchess.com"]
[Source "ChessBase"]
[SourceQuality "1"]

{[%evp 12,119,-1,0,0,0,-1,-21,-12,-38,-24,-38,-18,-35,-22,-44,-41,-36,-39,-41,-37,-41,-41,-43,-41,-41,-41,-44,-44,-54,-41,-43,-41,-42,-43,-50,-40,-40,-15,-28,-26,-38,-38,-64,-15,-34,29,29,98,108,88,89,102,97,106,96,200,93,102,85,72,85,155,147,158,154,154,145,447,421,674,657,612,460,450,415,398,0,0,-35,431,-625,-628,-883,-824,-1232,-1243,-1587,-1583,-1741,-1922,-2279,-2189,-2298,-2261,-3187,-2699,-2219,-1969,-1738,-1645,-29989,-29990,-29990,-29991,-29991,-29992,-29992,-29992,-29999]} 1. e4 c5 2. Nf3 Nc6 3. Bb5 e6 4. Bxc6 bxc6 5. O-O Ne7 6. d3 Ng6 7. Ng5 $1 f6 {B30: Sicilian: 2...Nc6 3 Bb5, lines without ...g6.} 8. Nh3 Be7 9. f4 O-O {The position is equal.} 10. c4 d5 11. Be3 {[#]} a5 $146 ({Predecessor:} 11... Rb8 12. Qc2 d4 13. Bc1 Nh8 14. Nd2 g6 15. Nf3 Nf7 16. e5 Qc7 17. Bd2 Bd7 18. exf6 Bxf6 {1-0 (53) Bacallao Alonso,Y (2438)-Martinez Duany,L (2485) Las Tunas 2009}) 12. Qc2 Qd6 13. Na3 Bd7 14. Rae1 f5 15. e5 Qc7 16. Kh1 Rfb8 17. Ng1 Nf8 18. h3 Be8 19. Qf2 Nd7 20. Re2 Rb7 21. Rc2 d4 22. Bc1 Nb8 23. Nb1 Na6 {Hoping for ...Nb4.} 24. a3 {Prevents Nb4.} Nb8 25. Qf3 Nd7 26. Re2 Rab8 27. g4 h6 (27... Nb6 $15 {was preferrable.}) 28. Rg2 Bg6 (28... Nf8 $15) 29. Nd2 Kf7 (29... Kh8 $11) 30. Ne2 $16 Rg8 31. Rfg1 fxg4 32. hxg4 (32. Qxg4 $6 Bxd3 33. Qf3 (33. Rg3 Bf5 $17) 33... Bc2 $11) 32... Ke8 33. Qh3 (33. Ne4 Rb3) 33... Rf8 {Inhibits f5.} (33... Kd8 $16) 34. Rf1 (34. Re1 $1 $18 {and White stays clearly on top.}) 34... Bh7 35. Rf3 (35. g5 Bf5 36. Qh5+ g6 37. Qxh6 Rf7 $14) 35... Kd8 36. Ng3 {[%cal Og4g5] Black must now prevent g5!} Rh8 (36... Bg8 $142) 37. Nde4 $1 Rb3 38. Re2 Kc8 39. f5 Nxe5 $2 {[%mdl 8192]} (39... g5 $16 {is a better chance.}) 40. Bf4 $18 Nxf3 (40... h5 $142 41. gxh5 Rb8 42. fxe6 Bxe4 43. Rxe4 Nxf3 44. Bxc7 Kxc7) 41. Bxc7 Kxc7 42. Nf1 Rxd3 43. Qg3+ Kb6 44. Nfd2 $2 {Pair of Knights!} ({Only move:} 44. b4 $1 $18 {[%cal Rb4a5] bxa5+ would kill now.} cxb4 45. axb4 Bxb4 46. c5+ Kb5 47. Qc7 exf5 48. Nd6+ Kxc5 49. gxf5 Bxf5 50. Nxf5) 44... h5 $1 $11 {Threatens to win with ...hxg4.} 45. gxh5 {[#]} (45. Nxf3 $2 hxg4 46. Rh2 gxf3 $19) (45. b4 $5 axb4 46. gxh5 (46. Nxf3 $2 hxg4 47. axb4 cxb4 $19) 46... Nxd2 47. Qxd3 Nxe4 48. Qxe4 Bxf5 49. Qf3 $17) 45... exf5 $2 {[%mdl 8192] [#] Active counter play!} 46. Nxf3 $4 {[%mdl 8192]} (46. Nc3 $1 $18 {[%mdl 512]} f4 47. Na4+ (47. Qxg7 Rg8 $11) 47... Ka6 48. Qxf4 (48. Qxg7 Rg8 $11)) 46... fxe4 $19 47. Qxg7 {[#]} Bd6 $1 {[%cal Oe4f3]} (47... Rxf3 48. Qxh8 d3 49. Qb8+ Ka6 50. Qc8+ Kb6 51. Qb8+ Ka6 {[#]} 52. b4 $1 cxb4 53. Rb2 Rf1+ 54. Kg2 $18) ({Worse is} 47... exf3 48. Rxe7 Rd1+ 49. Kh2 Rd2+ 50. Kh1 Rd1+ 51. Kh2 Rd2+ 52. Kh1 Rd1+ $11) 48. Ng5 Rg8 49. Qf6 Rd1+ 50. Kg2 {[#]} d3 $1 51. Re3 Bc7 52. b4 d2 53. bxa5+ Ka7 {( -> ...Rb1)} 54. Qe7 {[#]} Rg1+ $1 {[%mdl 576] Skewer} 55. Kf2 {[#]} Rf1+ $1 {[%mdl 512]} 56. Kg2 {[#]} (56. Kxf1 d1=Q+) 56... Rxg5+ $1 {[%mdl 576] Promotion. Black mates.} 57. Qxg5 d1=Q 58. Qxc5+ Kb8 59. Rb3+ Qxb3 {[%csl Ge4,Gf1][%cal Rb3f3]} 60. Qxc6 Qf3# {Weighted Error Value: White=0.75/Black=0.25 (precise)} 0-1

[Event "MPL National Senior Chess-ch 2022"]
[Site "Kanpur"]
[Date "2022.03.02"]
[Round "9.2"]
[White "Gukesh D"]
[Black "Iniyan, P."]
[Result "1/2-1/2"]
[WhiteElo "2614"]
[BlackElo "2516"]
[Annotator "TA"]
[PlyCount "129"]
[EventDate "2022.02.25"]
[EventCountry "IND"]
[SourceTitle "playchess.com"]
[Source "ChessBase"]
[SourceQuality "1"]

{[%evp 15,129,29,25,14,18,0,0,0,0,0,0,0,16,17,0,0,0,0,41,32,18,26,35,0,81,12,16,0,76,94,72,94,83,94,106,126,126,42,180,163,164,141,159,147,166,131,171,89,86,91,93,90,100,0,0,0,0,-9,0,0,93,85,84,52,51,55,55,55,55,53,54,51,48,0,72,56,58,46,46,32,30,33,40,8,8,0,0,0,0,0,0,0,0,-222,-222,-1314,0,0,0,0,0,0,0,0,0,0,0,0,0,0,0,0,0,0,0,0]} 1. d4 Nf6 2. c4 e6 3. Nf3 b6 4. a3 Ba6 5. Qc2 Bb7 6. Nc3 c5 7. e4 cxd4 8. Nxd4 Bc5 {8...Nc6 is more advanced technology.} 9. Nf3 {E12: Queen's Indian: Unusual White 4th moves, 4 a3, 4 Nc3 Bb7 5 a3 and 4 Nc3 Bb7 .} Ng4 {[#]} 10. h3 $146 ({Predecessor:} 10. Nd1 Qf6 11. Rb1 Qg6 12. Bd3 Nf6 13. Ng5 Ng4 14. b4 Be7 15. h4 Nc6 16. Ne3 Nge5 {0-1 (28) Duda,J (2717)-Korobov,A (2652) Riadh 2017}) 10... Nxf2 (10... Bxf2+ $2 11. Ke2 $18) 11. Rh2 f5 12. b4 Nxe4 13. bxc5 Qc7 {Hoping for ...Qg3+.} 14. Be3 {[%cal Bc1e3,Be3d2,Bd2f4][%mdl 32] White wants to play Nb5.} bxc5 15. Nb5 Qa5+ 16. Bd2 Qd8 (16... Qb6 $1 $11) 17. Bf4 $14 {Strongly threatening Nc7+.} O-O 18. O-O-O $36 {[%mdl 2048] Black is under pressure.} Nc6 19. Bd3 d5 (19... a6 $11 20. Nd6 Rb8) 20. Nc7 (20. cxd5 $1 $16 exd5 21. Nc7) 20... e5 $1 $11 21. cxd5 Qxc7 (21... Nd4 $11 22. Nxd4 cxd4 23. Bxe5 (23. Nxa8 Qd6 $11) 23... Rc8) 22. dxc6 $16 exf4 23. cxb7 {Chess con chili.} Qxb7 24. Rhh1 c4 25. Bxc4+ Kh8 26. Rd4 (26. Bd5 $6 Qa6 27. Bxa8 Qxa3+ 28. Qb2 Rc8+ 29. Bc6 Qc5+ 30. Qc2 Qa3+ 31. Qb2 Qc5+ 32. Qc2 Qa3+ 33. Qb2 $11) (26. Rd5 $1 $16) 26... Qe7 (26... Rac8 $14) 27. Kb2 $1 $18 Rfc8 28. Rhd1 h6 29. Ka2 Rab8 30. R1d3 Rc5 31. Rb3 (31. Rd5 $18 {And now Ne5 would win.} Rbc8 32. Ne5) 31... Rbc8 $16 32. Qd3 Nf2 33. Qf1 Ne4 34. Qd3 (34. Rb2 $1 $16) 34... Nf2 $1 $11 35. Qe2 Ne4 $1 {[%cal Oc5c4]} 36. Ka1 Qf6 {Threatens to win with ...Rxc4.} 37. Rb2 Qc6 (37... R5c7 $11 {keeps the balance.}) 38. Rc2 $1 $16 Qf6 39. Qd3 Nd6 {[%cal Be4d6,Bd6b5,Bb5a3][%mdl 32]} 40. Ka2 $1 {[%csl LRd6,LRf4]} Nb5 41. Rd7 (41. Rxf4 g5 42. a4 gxf4 $11) 41... Nxa3 42. Qxa3 (42. Kxa3 Qa1+ 43. Ba2 (43. Kb4 Qa5+ 44. Kb3 Rb8+) 43... Rc3+ 44. Ka4 Rxd3 45. Rxc8+ Kh7 46. Rxd3 Qxa2+ 47. Ra3 Qxg2 $11) 42... Rxc4 43. Rxc4 Rxc4 44. Qb2 {Prevents Rc2. Active counter play!} (44. Rd6 $1 $14 {is superior.} Qc3 45. Qxc3 Rxc3 46. Kb2) 44... Qxb2+ ({Better is} 44... Rc3 $1 $11 45. Kb1 (45. Rxa7 Qe6+ 46. Ka1 Qe3 $11) 45... Kh7) 45. Kxb2 $11 {[%mdl 4096] Endgame KRN-KR} Re4 46. Nd4 {Inhibits Re2+.} Re3 47. Rc7 ({Don't do} 47. Nxf5 Re2+ 48. Kc3 Rxg2 $16) 47... g6 48. Rc2 Kg7 49. Rf2 Kf6 50. Ne2 g5 51. Kc2 Ke5 52. Kd2 Ke4 53. Kc2 f3 54. Nc3+ (54. Ng3+ $1 $11 Ke5 55. gxf3 (55. Rxf3 $2 Rxf3 56. gxf3 Kf4 $19)) 54... Kf4 $1 $19 {aiming for ...Kg3.} 55. Kd2 $2 {[#]} (55. gxf3 Rxf3 56. Rh2) 55... Rxc3 $1 {[%mdl 512]} 56. Kxc3 $11 {The position is equal.} g4 57. hxg4 fxg4 {...Kg3 is the strong threat.} 58. gxf3 {KR-K3P} g3 59. Ra2 Kxf3 (59... h5 $5 60. Kd3 (60. Rxa7 $2 h4 $19) 60... Kxf3 61. Rxa7 h4 62. Rf7+ Kg2 $11) 60. Rxa7 {KR-KPP} g2 61. Rf7+ Ke2 62. Rg7 Kf2 63. Rf7+ Kg3 64. Rg7+ Kh2 65. Rh7 {Quite a comeback for White.  Weighted Error Value: White=0.32/Black=0.21 (precise)} 1/2-1/2

[Event "MPL National Senior Chess-ch 2022"]
[Site "Kanpur"]
[Date "2022.03.02"]
[Round "9.3"]
[White "Swapnil, S. Dhopade"]
[Black "Aravindh, Chithambaram VR."]
[Result "1/2-1/2"]
[WhiteElo "2495"]
[BlackElo "2611"]
[Annotator "TA"]
[PlyCount "208"]
[EventDate "2022.02.25"]
[EventCountry "IND"]
[SourceTitle "playchess.com"]
[Source "ChessBase"]
[SourceQuality "1"]

{[%evp 11,208,43,45,25,28,20,8,14,20,11,20,5,0,10,2,6,-1,-14,-18,-14,2,0,0,0,9,0,12,11,27,26,24,18,19,21,12,10,2,4,45,35,25,-14,-33,-42,-42,-31,-47,-112,-98,-129,-69,-69,-66,-68,-39,-40,-10,-10,-24,-95,-95,-91,-86,-81,-74,-85,-89,-275,-201,-201,-201,-201,-187,-190,-190,-235,-238,-303,-304,-317,-317,-302,-287,-287,-287,-302,-293,-273,-164,-165,-164,-172,-150,-150,-142,-142,-142,-145,-133,-134,-135,-140,-141,-265,-258,-247,-156,-210,-210,-212,-212,-212,-212,-214,-185,-228,-136,-220,-217,-217,-125,-272,-265,-232,-136,-136,-136,-136,-136,-136,-136,-136,-136,-136,-136,-136,-136,-136,-15,-136,-136,-136,-136,-136,-136,-136,-136,-136,-136,-136,-136,-136,-136,-136,-136,-136,-136,-136,-136,-136,-136,-136,-136,-136,0,-136,-136,-136,-136,-136,-136,-136,-136,-136,-136,-136,-136,-136,-136,-136,-136,-136,-136,-136,-136,-136,-136,-136,0,-136,-136,-136,-136,-136,-136,-136,-136,-137,-129]} 1. d4 Nf6 2. c4 e6 3. Nf3 Bb4+ 4. Bd2 Qe7 5. g3 Nc6 6. Nc3 d5 7. Bg2 {E11: Bogo-Indian.} dxc4 8. O-O O-O 9. a3 {The position is equal.} Ba5 10. Qa4 Rd8 11. e3 Bb6 12. Qxc4 e5 {[%cal Re5d4]} 13. d5 {[#]} Na5 $146 ({Predecessor:} 13... e4 14. dxc6 exf3 15. Bxf3 Rxd2 16. cxb7 Bxb7 17. Bxb7 Rb8 18. Bf3 Rxb2 19. Na4 Rd2 20. Nxb6 cxb6 {1-0 (31) Barranco Cara,F (2221)-Almagro Mazariegos,S (2287) Andalucia 2018}) 14. Qb4 Qe8 15. e4 Bd7 16. Bg5 c5 17. dxc6 $1 Nxc6 18. Qb3 Be6 19. Qb5 Rd7 20. Bxf6 ({Don't play} 20. Nxe5 Nxe5 21. Qxe5 Ng4 $17) 20... gxf6 21. Nd5 Qd8 {[%cal Re6d5]} 22. Rad1 Nd4 23. Nxd4 Bxd4 24. Qe2 Kh8 (24... f5 $11 {was preferrable.}) 25. Rd2 (25. Qh5 {is more complex.} Bxb2 26. Bh3 Bd4 27. Bf5 Bxf5 28. Qxf5 Rd6 29. Rc1) 25... f5 26. Ne3 f4 27. Nd5 fxg3 28. hxg3 Qg5 {Inhibits Qh5.} 29. Ne3 (29. Rd3 $15) 29... Rg8 $17 30. Qf3 h5 (30... Rg6 $17 31. Rdd1 Rf6) 31. Rfd1 $15 f6 {And now ...h4 would win.} 32. Kf1 Rh7 33. Nf5 $1 {Inhibits h4.} h4 34. gxh4 Qg6 35. Nxd4 (35. Rc1 $1 $11 {keeps the balance.}) 35... Bg4 $36 {[%mdl 2048] White is under strong pressure.} 36. Qg3 Bxd1 37. Qxg6 Rxg6 38. Ne6 Re7 $1 39. Bh3 $2 (39. Rd8+ $17 Rg8 40. Rxd1 Rxe6 41. Bh3) 39... Bb3 {White must now prevent ...Bc4+.} 40. Rd6 Bxe6 41. Bxe6 $19 {[%mdl 4096] Endgame KRR-KRB} Rh6 42. Bd5 Kg7 ({Weaker is} 42... Rxh4 43. Rxf6 Kg7 44. Rd6 $17) 43. a4 (43. Rd8 $142) 43... Rxh4 44. b3 Rc7 45. Rd8 Rh8 {Inhibits Rg8+.} 46. Rd6 Kg6 47. Kg2 Kg5 48. Bc4 Rh4 49. Kf3 f5 50. exf5 Kxf5 51. Ke3 Re4+ 52. Kd3 Re1 {aiming for ...Rd1+.} 53. Kd2 {Inhibits Rd1+.} Ra1 54. Ke3 Kg5 55. Rd8 Re1+ 56. Kd2 Re4 57. Ra8 (57. Kd3 $17 {keeps fighting.} Re1 58. Kd2) 57... Rd7+ 58. Kc3 b6 59. Rg8+ (59. Re8 $17 {was necessary.}) 59... Kf6 60. Rf8+ Ke7 $1 61. Rf5 Kd6 62. Rf6+ Kc7 63. Re6 (63. a5 {was called for.}) 63... Rf7 ({Black should play} 63... a5 $19 {Hoping for ...Rh7.} 64. Rf6 Rh4) 64. Kd3 (64. Re8 $17 {is a better defense.} Rh7 65. Kb4) 64... Re1 65. Kd2 {[#]} Rg1 ({Black should try} 65... Rh1 $1 $19 66. Rxe5 Rxf2+ 67. Kc3 Rh7) 66. Rxe5 (66. Ke3 $17 {was worth a try.}) 66... Rxf2+ 67. Kc3 {[#]} Rg7 {Prevents Re7+.} (67... a5 $1 $19 68. Re7+ Kd8) 68. a5 $17 Ra2 69. axb6+ Kxb6 ({Wrong is} 69... axb6 $2 70. Re4) 70. Re6+ Kb7 71. Re3 Rh2 72. Re5 Rh3+ 73. Kb4 Rh6 74. Rf5 Rg1 (74... Rb6+ $17 75. Kc5 Rc7+ 76. Kd4 Rd6+ 77. Kc3 Rh7 78. Rb5+ Rb6) 75. Bd5+ (75. Rf7+ $11 {was the only way to keep the balance.} Kb6 76. Rf5) 75... Kb6 76. Bc4 Rhg6 77. Rb5+ Kc7 78. Rc5+ Kb7 79. Re5 R1g5 80. Re1 Kb6 81. Re8 Rg4 82. Rb8+ Kc7 83. Ra8 Kb7 84. Rf8 Rb6+ 85. Ka4 Rg1 {[%cal Rg1a1]} 86. Ka3 Rd6 87. Kb4 Rb6+ 88. Ka3 Rg7 89. Rf5 Re7 90. Rg5 Kc6 91. Kb2 Rb8 92. Ra5 Rh8 93. Rf5 Rh2+ 94. Kc3 Rh6 95. Ra5 Rh3+ 96. Kb4 Rb7+ 97. Ka3 Re3 98. Rf5 {Bd5+ is the strong threat.} Kd6 99. Rd5+ Kc6 100. Rf5 $1 {Threatens to win with Bd5+.} Rb8 {Black is clearly better.} 101. Ra5 Re1 {( -> ...Ra1+)} 102. Kb2 {To avoid Ra1} Rb7 103. Rf5 Rbe7 104. Kc3 R1e3+ {Weighted Error Value: White=0.14 (very precise) /Black=0.10 (very precise)} 1/2-1/2

[Event "MPL National Senior Chess-ch 2022"]
[Site "Kanpur"]
[Date "2022.03.02"]
[Round "9.4"]
[White "Gupta, Abhijeet"]
[Black "Lalith Babu M R"]
[Result "1/2-1/2"]
[WhiteElo "2628"]
[BlackElo "2563"]
[Annotator "TA"]
[PlyCount "90"]
[EventDate "2022.02.25"]
[EventCountry "IND"]
[SourceTitle "playchess.com"]
[Source "ChessBase"]
[SourceQuality "1"]

{[%evp 11,90,-22,10,0,0,5,23,0,0,1,0,0,0,0,0,-14,0,-26,-28,-28,-27,-20,-19,-53,-47,-53,0,0,14,7,12,9,9,12,14,10,12,0,16,14,14,18,15,12,22,0,0,0,0,0,0,0,0,0,0,0,0,-2,-3,-64,-64,-66,-71,-80,-72,-79,-84,-93,-86,-85,-87,-145,-116,-133,-75,-114,-15,-17,-10,-53,-58]} 1. d4 Nf6 2. c4 e6 3. Nc3 Bb4 4. a3 Bxc3+ 5. bxc3 b6 6. f3 Bb7 7. e4 {E24: Nimzo-Indian: Sämisch: Unusual Black 5th moves and 5...c5 sidelines.} d6 8. Bd3 Nc6 9. Ne2 {[#] White has an edge.} Na5 $146 ({Predecessor:} 9... e5 10. O-O Nd7 11. f4 f6 12. Ng3 g6 13. Qg4 Qe7 14. Be3 O-O-O 15. c5 dxc5 {1-0 (35) Agibileg,U (2413)-Gonzalez,F (2049) Chess.com INT 2021}) 10. O-O Ba6 11. Bg5 h6 12. Bxf6 Qxf6 13. Qa4+ c6 14. Rad1 O-O 15. f4 c5 16. e5 dxe5 17. fxe5 Qe7 18. Ng3 cxd4 (18... Rad8 $15) 19. cxd4 $11 Rac8 {[%cal Ra6c4]} 20. c5 $36 {[%mdl 2048] White fights for an advantage.} Bxd3 21. Rxd3 {[%cal Bd1d3,Bd3f3,Bf3g3,Bg3g6][%mdl 32] Threatening Nh5.} f6 22. exf6 Rxf6 23. Rxf6 Qxf6 24. Rf3 Qe7 25. Nh5 {next Rg3 is good for White.} Qe8 26. Qd1 {Rg3 is the strong threat.} Rc7 (26... Qxh5 $2 27. Rf8+ $3 {[%mdl 512]} Kxf8 28. Qxh5 $18) 27. Rg3 Qf8 {Prevents Nf6+.} 28. Qg4 Qf5 29. Qxf5 exf5 30. cxb6 axb6 {[%mdl 4096] Endgame KRN-KRN} 31. Rg6 Nc4 32. d5 b5 33. h4 Rd7 34. Kf2 Kh7 ({Don't take} 34... Nxa3 35. Rg3 Ra7 36. d6 $16 (36. Nxg7 Rxg7 37. Rxa3 b4 $11)) 35. Ra6 (35. Nf4 $11) 35... Rxd5 $15 36. Ra7 $1 {aiming for Nf6+.} Rd2+ 37. Kg1 Kg6 38. Nf4+ {[#]} Kf6 $1 39. Nh5+ Ke5 {Threatens to win with ...g6.} 40. Nxg7 f4 {White must now prevent ...Ne3.} 41. Ra6 (41. Re7+ $142 Kf6 42. Ra7) 41... Rd6 42. Ra8 f3 (42... Rd1+ $142 43. Kf2 Rd2+ 44. Kf3 Rd3+ 45. Ke2 Rxa3 46. Re8+ Kd5) 43. Re8+ {[#]} Kf6 ({Black should play} 43... Kd5 $1 $17 {Strongly threatening ...Rg6.} 44. Nf5 Rf6) 44. Nh5+ $11 Kf7 45. Ra8 (45. Rb8 $11) 45... fxg2 {Weighted Error Value: White=0.09 (flawless) /Black=0.10 (very precise)} 1/2-1/2